[Event "77 España ch 2012"]
[Site "Maspalomas ESP"]
[Date "2012.10.01"]
[Round "3.8"]
[White "Munoz Pantoja, Miguel"]
[Black "Pazos Porta, Antonio"]
[Result "1-0"]
[WhiteElo "2476"]
[BlackElo "2307"]
[PlyCount "75"]
[EventDate "2012.09.29"]
[EventType "swiss"]
[EventRounds "9"]
[EventCountry "ESP"]
[Source "lmi"]
[SourceDate "2012.09.29"]

1. e4 e6 2. d4 d5 3. Nd2 Nf6 4. e5 Nfd7 5. Bd3 c5 6. c3 Nc6 7. Ne2 cxd4 8. cxd4
f6 9. exf6 Nxf6 10. O-O Bd6 11. f4 Qb6 12. Nf3 O-O 13. Kh1 Bd7 14. Nc3 Rac8 15.
a3 Ne7 16. Ne5 Be8 17. Qf3 Bg6 18. Nxg6 Nxg6 19. Be3 a6 20. Rab1 Qc6 21. Rbc1
Bb8 22. Qh3 Qd6 23. f5 exf5 24. Bxf5 Rce8 25. Bg5 Ne4 26. Nxe4 dxe4 27. Bd7
Rxf1+ 28. Rxf1 Rf8 29. Qe6+ Qxe6 30. Bxe6+ Kh8 31. Rxf8+ Nxf8 32. Bc8 b6 33.
Bd8 Ba7 34. d5 Kg8 35. Bxa6 Kf7 36. Bb5 Bb8 37. Bxb6 Bd6 38. a4 1-0

[Event "77 España ch 2012"]
[Site "Maspalomas ESP"]
[Date "2012.10.01"]
[Round "3.9"]
[White "Forcen Esteban, Daniel"]
[Black "Tejedor Fuentes, Enrique"]
[Result "1-0"]
[WhiteElo "2469"]
[BlackElo "2287"]
[PlyCount "65"]
[EventDate "2012.09.29"]
[EventType "swiss"]
[EventRounds "9"]
[EventCountry "ESP"]
[Source "lmi"]
[SourceDate "2012.09.29"]

1. e4 c5 2. Nf3 d6 3. d4 cxd4 4. Nxd4 Nf6 5. Nc3 e6 6. g4 a6 7. g5 Nfd7 8. Be3
b5 9. a3 Bb7 10. f4 Nc6 11. h4 Be7 12. f5 Nxd4 13. Qxd4 Ne5 14. Rh3 Qd7 15.
fxe6 fxe6 16. O-O-O O-O 17. Kb1 Bc6 18. Rh1 Nf3 19. Qd3 Ne5 20. Qd4 Nf3 21. Qd3
Ne5 22. Qe2 a5 23. Bd4 Qb7 24. Bh3 Bd7 25. Bxe5 dxe5 26. Qd3 Rfd8 27. Qxd7 Rxd7
28. Bxe6+ Kf8 29. Rhf1+ Ke8 30. Bxd7+ Qxd7 31. Rxd7 Kxd7 32. Rf7 Ke6 33. Rxg7
1-0

[Event "77 España ch 2012"]
[Site "Maspalomas ESP"]
[Date "2012.10.01"]
[Round "3.10"]
[White "Recuero Guerra, David"]
[Black "Garcia Blanco, Omar"]
[Result "1/2-1/2"]
[WhiteElo "2450"]
[BlackElo "2277"]
[PlyCount "58"]
[EventDate "2012.09.29"]
[EventType "swiss"]
[EventRounds "9"]
[EventCountry "ESP"]
[Source "lmi"]
[SourceDate "2012.09.29"]

1. c4 e5 2. Nc3 Bb4 3. Nd5 Bc5 4. e3 c6 5. d4 cxd5 6. dxc5 Nf6 7. cxd5 O-O 8.
Nf3 d6 9. cxd6 Qxd6 10. Be2 e4 11. Nd4 Qxd5 12. Bd2 Qg5 13. Qb3 Nc6 14. Nxc6
bxc6 15. Kf1 Bg4 16. Bc4 Be6 17. Bc3 Nd5 18. Bxd5 Bxd5 19. Qa4 f5 20. h4 Qh5
21. Rh3 f4 22. Qd4 Qg4 23. Kg1 fxe3 24. Rxe3 Rf7 25. Rg3 Qd7 26. Re1 Rc8 27. h5
h6 28. a3 Rc7 29. Qe5 Qe7 1/2-1/2

[Event "77 España ch 2012"]
[Site "Maspalomas ESP"]
[Date "2012.10.01"]
[Round "3.11"]
[White "Nicolas Zapata, Irene"]
[Black "Marrero Cardenes, Agustin"]
[Result "1-0"]
[WhiteElo "2193"]
[BlackElo "1937"]
[PlyCount "103"]
[EventDate "2012.09.29"]
[EventType "swiss"]
[EventRounds "9"]
[EventCountry "ESP"]
[Source "lmi"]
[SourceDate "2012.09.29"]

1. d4 Nf6 2. Nf3 g6 3. c4 Bg7 4. g3 O-O 5. Bg2 c6 6. O-O d6 7. Nc3 Qa5 8. d5
Qa6 9. Nd2 c5 10. b3 Nfd7 11. Bb2 Ne5 12. h3 Qa5 13. Qc2 Na6 14. a3 Nc7 15.
Rfc1 b5 16. b4 cxb4 17. axb4 Qb6 18. c5 Qb8 19. Nd1 Ne8 20. c6 g5 21. Ra5 Nc7
22. Bd4 a6 23. Qb2 Bh8 24. Ne3 f5 25. Nf3 Nxf3+ 26. Bxf3 Bf6 27. Kh2 Qa7 28.
Bxa7 Bxb2 29. Rb1 Be5 30. Bb6 Ne8 31. Nc2 g4 32. hxg4 fxg4 33. Bg2 h5 34. Kg1
Rb8 35. Ba7 Ra8 36. Bb6 Bf5 37. e4 Bc8 38. Be3 e6 39. Nd4 Nc7 40. Rc1 Rf7 41.
Rc2 Rf8 42. Rca2 Re8 43. Nxb5 axb5 44. Rxa8 Nxa8 45. Rxa8 exd5 46. exd5 Bc3 47.
Bf1 Bxb4 48. Bxb5 Kf7 49. Bd3 Bc3 50. Ra7+ Kf6 51. Rh7 Bf5 52. Rh6+ 1-0

[Event "77 España ch 2012"]
[Site "Maspalomas ESP"]
[Date "2012.10.01"]
[Round "3.12"]
[White "Romero Holmes, Alfonso"]
[Black "Angel Acosta, Juan Carlos"]
[Result "1-0"]
[WhiteElo "2508"]
[BlackElo "2225"]
[PlyCount "55"]
[EventDate "2012.09.29"]
[EventType "swiss"]
[EventRounds "9"]
[EventCountry "ESP"]
[Source "lmi"]
[SourceDate "2012.09.29"]

1. c4 e5 2. g3 Nc6 3. Bg2 Nf6 4. Nc3 Bb4 5. Nd5 Bc5 6. e3 O-O 7. Ne2 d6 8. d4
Bb6 9. Nxb6 axb6 10. d5 Nb4 11. Nc3 Bg4 12. f3 Bd7 13. e4 Ne8 14. Be3 f5 15. a3
Na6 16. b4 Nf6 17. O-O fxe4 18. Nxe4 Nxe4 19. fxe4 Rxf1+ 20. Qxf1 Qe7 21. Rc1
Bg4 22. Qd3 Rf8 23. Qb3 Bf3 24. Bh3 Bxe4 25. c5 Qe8 26. Be6+ Kh8 27. cxd6 Qh5
28. Qd1 1-0

[Event "77 España ch 2012"]
[Site "Maspalomas ESP"]
[Date "2012.10.01"]
[Round "3.13"]
[White "Todorcevic Antic, Miodrag"]
[Black "Alvarado Diaz, Alejandro"]
[Result "1-0"]
[WhiteElo "2420"]
[BlackElo "2258"]
[PlyCount "59"]
[EventDate "2012.09.29"]
[EventType "swiss"]
[EventRounds "9"]
[EventCountry "ESP"]
[Source "lmi"]
[SourceDate "2012.09.29"]

1. e4 d5 2. Nc3 dxe4 3. Nxe4 Qd5 4. d3 Bf5 5. Ng3 Bg6 6. Be2 Nc6 7. Bf3 Qd7 8.
N1e2 Nf6 9. O-O e5 10. Nc3 O-O-O 11. Be3 h5 12. h3 Nd4 13. Bxd4 exd4 14. Nce4
h4 15. Ne2 Nh5 16. b4 Bxe4 17. dxe4 Qd6 18. Bxh5 Rxh5 19. Nxd4 Rg5 20. c3 Qg6
21. Qf3 Bxb4 22. Nf5 Bc5 23. Rad1 Rxd1 24. Rxd1 Qe6 25. Rd5 Be7 26. Qe3 Rg6 27.
Qxa7 c6 28. Qa8+ Kc7 29. Qa5+ Kc8 30. Re5 1-0

[Event "77 España ch 2012"]
[Site "Maspalomas ESP"]
[Date "2012.10.01"]
[Round "3.14"]
[White "Menendez Rey, Francisco Javier"]
[Black "Gonzalez De La Torre, Santiago"]
[Result "0-1"]
[WhiteElo "2229"]
[BlackElo "2442"]
[PlyCount "52"]
[EventDate "2012.09.29"]
[EventType "swiss"]
[EventRounds "9"]
[EventCountry "ESP"]
[Source "lmi"]
[SourceDate "2012.09.29"]

1. d4 d5 2. Nc3 Nf6 3. Bg5 c5 4. Bxf6 gxf6 5. e3 e6 6. Qh5 cxd4 7. exd4 Bb4 8.
Nge2 Nc6 9. O-O-O Bd7 10. h4 Rc8 11. Rh3 Na5 12. Nxd5 exd5 13. Re3+ Be7 14. Nf4
Rxc2+ 15. Kxc2 Qc7+ 16. Kb1 Qxf4 17. Qe2 Qd6 18. Re1 Nc6 19. Qh5 a6 20. Bd3 f5
21. Ka1 Qf6 22. Bc2 Kd8 23. Bb3 Be6 24. g3 Kc8 25. Qd1 Bb4 26. Rf1 f4 0-1

[Event "77 España ch 2012"]
[Site "Maspalomas ESP"]
[Date "2012.10.01"]
[Round "3.15"]
[White "Garcia Garcia, Adrian Antonio"]
[Black "Camacho Collados, Marcos"]
[Result "0-1"]
[WhiteElo "1978"]
[BlackElo "2436"]
[PlyCount "108"]
[EventDate "2012.09.29"]
[EventType "swiss"]
[EventRounds "9"]
[EventCountry "ESP"]
[Source "lmi"]
[SourceDate "2012.09.29"]

1. e4 c5 2. Nc3 Nc6 3. f4 g6 4. Nf3 Bg7 5. Bc4 e6 6. O-O Nge7 7. e5 d5 8. exd6
Qxd6 9. d3 O-O 10. Ne4 Qd8 11. c3 b6 12. Qe1 Na5 13. Qe2 Bb7 14. Ne5 Qc7 15.
Rb1 Nxc4 16. Nxc4 Rad8 17. Be3 Nd5 18. a4 Nxe3 19. Qxe3 Qc6 20. Qe2 Rd5 21.
Rbd1 Ba6 22. b3 h6 23. Ne5 Qc7 24. c4 Rd4 25. Nf3 Rdd8 26. Ne5 Bb7 27. h4 Kh8
28. Nc3 a6 29. Qe3 Rd4 30. g3 Ba8 31. Kh2 Kh7 32. Ne2 Rdd8 33. d4 Qb7 34. Qf3
Qxf3 35. Nxf3 Bxf3 36. Rxf3 cxd4 37. Rfd3 Rd7 38. a5 bxa5 39. Ra1 Rc8 40. Rxa5
Rc6 41. Kg2 f5 42. Kf3 Bf6 43. g4 Bxh4 44. gxf5 gxf5 45. Rxd4 Rxd4 46. Nxd4 Rd6
47. Ke3 Bd8 48. Re5 Bf6 49. c5 Bxe5 50. fxe5 Rd5 51. c6 Rxe5+ 52. Kd3 Rd5 53.
c7 Rc5 54. Nxe6 Rc6 0-1

[Event "77 España ch 2012"]
[Site "Maspalomas ESP"]
[Date "2012.10.01"]
[Round "3.16"]
[White "Cuenca Jimenez, Jose Fernando"]
[Black "Trujillo Alvarado, Ivan"]
[Result "1-0"]
[WhiteElo "2487"]
[BlackElo "2151"]
[PlyCount "99"]
[EventDate "2012.09.29"]
[EventType "swiss"]
[EventRounds "9"]
[EventCountry "ESP"]
[Source "lmi"]
[SourceDate "2012.09.29"]

1. e4 c5 2. Nf3 e6 3. g3 Nc6 4. Bg2 Nf6 5. d3 d6 6. O-O Be7 7. Re1 O-O 8. c3
Rb8 9. d4 d5 10. e5 Nd7 11. h4 Qb6 12. Na3 cxd4 13. cxd4 f6 14. exf6 Nxf6 15.
Bf4 Ra8 16. Qb3 Qxb3 17. axb3 Nh5 18. Bd2 g6 19. Nb5 Bd8 20. Nd6 Ng7 21. Bh6
Bb6 22. Rad1 Bd7 23. b4 Nxb4 24. Nxb7 Rac8 25. Ne5 Ba4 26. Rd2 Nc2 27. Rb1 Nxd4
28. b3 Be8 29. Nd6 Rc7 30. Nxe8 Rxe8 31. Ng4 Rf8 32. Bf4 Rcc8 33. Be5 Nf3+ 34.
Bxf3 Rxf3 35. Nf6+ Kh8 36. Kg2 Rf5 37. f4 Bd8 38. Ng4 h5 39. Nf2 Rf7 40. Ra2
Kg8 41. Re1 Rc6 42. Nd3 Rb7 43. b4 Bb6 44. b5 Rc8 45. Bxg7 Rxg7 46. Rxe6 d4 47.
Ne5 Kh7 48. Rc6 Rd8 49. Kf3 Rb7 50. Ke4 1-0

[Event "77 España ch 2012"]
[Site "Maspalomas ESP"]
[Date "2012.10.01"]
[Round "3.17"]
[White "Lopez Gracia, Fernando"]
[Black "Navarro Molina, David"]
[Result "1-0"]
[WhiteElo "2382"]
[BlackElo "2122"]
[PlyCount "77"]
[EventDate "2012.09.29"]
[EventType "swiss"]
[EventRounds "9"]
[EventCountry "ESP"]
[Source "lmi"]
[SourceDate "2012.09.29"]

1. Nf3 c5 2. c4 b6 3. g3 Bb7 4. Bg2 Nf6 5. O-O e6 6. Nc3 Ne4 7. Nxe4 Bxe4 8. d3
Bb7 9. e4 Be7 10. Re1 O-O 11. b3 d6 12. d4 cxd4 13. Nxd4 a6 14. Ba3 Qc7 15. Rc1
Nd7 16. Bb4 Rac8 17. Qe2 Rfe8 18. a4 Nc5 19. Qe3 Bf6 20. Rcd1 Ba8 21. Ba3 Qb8
22. Bb2 Bb7 23. h3 Qa8 24. Kh2 h5 25. Re2 h4 26. g4 Be7 27. f4 Bf8 28. g5 e5
29. Nf5 exf4 30. Qxf4 Nxe4 31. Rde1 Nc5 32. Nh6+ gxh6 33. Qf6 Re5 34. gxh6 Nd7
35. h7+ Kxh7 36. Qxf7+ Bg7 37. Bxb7 Qxb7 38. Rg2 Nc5 39. Rxg7+ 1-0

[Event "77 España ch 2012"]
[Site "Maspalomas ESP"]
[Date "2012.10.01"]
[Round "3.18"]
[White "De Prado Rodriguez, Oscar Brun"]
[Black "Gonzalez Intelangelo, Gerardo"]
[Result "1-0"]
[WhiteElo "2283"]
[BlackElo "2010"]
[PlyCount "54"]
[EventDate "2012.09.29"]
[EventType "swiss"]
[EventRounds "9"]
[EventCountry "ESP"]
[Source "lmi"]
[SourceDate "2012.09.29"]

1. d4 f5 2. Nf3 Nf6 3. h3 d6 4. Qd3 g6 5. Nc3 Bg7 6. g4 e6 7. e4 fxe4 8. Nxe4
Nxe4 9. Qxe4 Qf6 10. Bg5 Qf7 11. O-O-O Nc6 12. d5 O-O 13. dxc6 d5 14. Ne5 dxe4
15. Nxf7 Rxf7 16. Rd8+ Rf8 17. Rxf8+ Kxf8 18. Bg2 bxc6 19. Bxe4 Bd7 20. Rd1 Ke8
21. h4 Rb8 22. c3 e5 23. f3 c5 24. h5 Rb6 25. hxg6 hxg6 26. Be3 Bf8 27. Rd5 Re6
1-0

[Event "77 España ch 2012"]
[Site "Maspalomas ESP"]
[Date "2012.10.01"]
[Round "3.19"]
[White "Suarez Garcia, Carlos"]
[Black "Moya Mallafre, Erik"]
[Result "1-0"]
[WhiteElo "2274"]
[BlackElo "1988"]
[PlyCount "69"]
[EventDate "2012.09.29"]
[EventType "swiss"]
[EventRounds "9"]
[EventCountry "ESP"]
[Source "lmi"]
[SourceDate "2012.09.29"]

1. d4 d5 2. c4 e6 3. g3 c6 4. Bg2 f5 5. Nf3 Nf6 6. O-O Bd6 7. b3 Qe7 8. Bb2 O-O
9. e3 Nbd7 10. Nbd2 Ne4 11. Ne5 Nxe5 12. dxe5 Bc5 13. Nf3 dxc4 14. bxc4 Rd8 15.
Qc2 Bd7 16. Nd4 Ng5 17. Nb3 Be8 18. h4 Nf7 19. e4 f4 20. gxf4 Nh6 21. f5 Ng4
22. f6 gxf6 23. exf6 Qc7 24. e5 Bf8 25. Qe2 Nh6 26. Bh3 Qf7 27. Nd4 Bd7 28. Nf3
Qh5 29. Qe4 Nf5 30. Kh2 Bh6 31. Rg1+ Kh8 32. Bxf5 exf5 33. e6 Rg8 34. f7+ Bg7
35. Rxg7 1-0

[Event "77 España ch 2012"]
[Site "Maspalomas ESP"]
[Date "2012.10.01"]
[Round "3.20"]
[White "Natalicchio Escalante, Nicolas"]
[Black "De La Hoz Sanchez, Ruben"]
[Result "1-0"]
[WhiteElo "2208"]
[BlackElo "1973"]
[PlyCount "47"]
[EventDate "2012.09.29"]
[EventType "swiss"]
[EventRounds "9"]
[EventCountry "ESP"]
[Source "lmi"]
[SourceDate "2012.09.29"]

1. d4 d5 2. c4 dxc4 3. Qa4+ c6 4. Qxc4 Nf6 5. Nf3 Bf5 6. Nc3 e6 7. g3 Be7 8.
Bg2 Nbd7 9. O-O Ne4 10. Rd1 Nb6 11. Qb3 Nxc3 12. Qxc3 Bf6 13. b3 O-O 14. Ba3
Re8 15. Ne5 Qc7 16. e4 Bg6 17. Rac1 Nd7 18. Nc4 Be7 19. Bxe7 Rxe7 20. Qb4 Nf6
21. d5 exd5 22. exd5 Nxd5 23. Bxd5 cxd5 24. Nb6 1-0

[Event "77 España ch 2012"]
[Site "Maspalomas ESP"]
[Date "2012.10.01"]
[Round "3.21"]
[White "Lopez Rivera, Jesus"]
[Black "Fernandez Garcia, Jose Miguel"]
[Result "0-1"]
[WhiteElo "1839"]
[BlackElo "2356"]
[PlyCount "68"]
[EventDate "2012.09.29"]
[EventType "swiss"]
[EventRounds "9"]
[EventCountry "ESP"]
[Source "lmi"]
[SourceDate "2012.09.29"]

1. e4 c5 2. Nf3 e6 3. d4 cxd4 4. Nxd4 a6 5. Bd3 Bc5 6. Nb3 Ba7 7. Nc3 Nc6 8.
Qe2 Nge7 9. Bg5 Qc7 10. O-O-O h6 11. Be3 d6 12. f4 b5 13. Bxb5 axb5 14. Nxb5
Bxe3+ 15. Qxe3 Qb8 16. Nxd6+ Kf8 17. f5 f6 18. Nxc8 Qxc8 19. Nc5 exf5 20. Nd7+
Kg8 21. Qb3+ Kh7 22. Nxf6+ Kg6 23. Nd7 Qg8 24. exf5+ Kh7 25. Qd3 Qxa2 26. f6+
Ng6 27. fxg7 Qa1+ 28. Kd2 Qa5+ 29. c3 Kxg7 30. Rhf1 Rad8 31. Kc2 Qa4+ 32. Kc1
Nce5 33. Qf5 Rxd7 34. Qf6+ Kh7 0-1

[Event "77 España ch 2012"]
[Site "Maspalomas ESP"]
[Date "2012.10.01"]
[Round "3.22"]
[White "Sanchez Montesdeoca, Isaac"]
[Black "Vega Gutierrez, Belinda"]
[Result "0-1"]
[WhiteElo "1771"]
[BlackElo "2206"]
[PlyCount "61"]
[EventDate "2012.09.29"]
[EventType "swiss"]
[EventRounds "9"]
[EventCountry "ESP"]
[Source "lmi"]
[SourceDate "2012.09.29"]

1. e4 e5 2. d4 exd4 3. Qxd4 Nc6 4. Qe3 Nf6 5. Nc3 Bb4 6. Bd2 O-O 7. O-O-O Re8
8. Qg3 Rxe4 9. a3 Bd6 10. f4 Re8 11. Bd3 Bf8 12. Nge2 d5 13. h3 a6 14. Qf3 b5
15. Na2 Rb8 16. g4 Bd6 17. Rhe1 b4 18. a4 Na5 19. Nd4 c5 20. Nf5 Bxf5 21. Bxf5
Rxe1 22. Bxe1 Qc7 23. Bd2 Nc4 24. Rf1 Re8 25. b3 Nxd2 26. Kxd2 Ne4+ 27. Bxe4
Rxe4 28. f5 Bf4+ 29. Kd1 Rd4+ 30. Ke2 Rd2+ 31. Ke1 0-1

[Event "77 España ch 2012"]
[Site "Maspalomas ESP"]
[Date "2012.10.01"]
[Round "3.23"]
[White "Cruz Ramirez, Nauzet"]
[Black "Zamarbide Inarrea, Daniel"]
[Result "0-1"]
[WhiteElo "1760"]
[BlackElo "2192"]
[PlyCount "64"]
[EventDate "2012.09.29"]
[EventType "swiss"]
[EventRounds "9"]
[EventCountry "ESP"]
[Source "lmi"]
[SourceDate "2012.09.29"]

1. d4 g6 2. c4 Bg7 3. Nc3 c5 4. d5 Bxc3+ 5. bxc3 f5 6. Nf3 Nf6 7. Bh6 d6 8. Bg7
Rg8 9. Bxf6 exf6 10. e3 Kf7 11. Bd3 Qa5 12. Qd2 Nd7 13. O-O Nb6 14. Qc2 Bd7 15.
Nd2 Ba4 16. Qb2 Qa6 17. e4 Rab8 18. exf5 Nxd5 19. fxg6+ hxg6 20. Bxg6+ Rxg6 21.
cxd5 Qd3 22. c4 Qh3 23. g3 Bd7 24. Rfe1 Rh6 25. Nf3 Bg4 26. Ne5+ fxe5 27. f4
Rg6 28. fxe5 Ke8 29. Qf2 Qh7 30. h4 Bh3 31. Qf4 Bf1 32. Rxf1 Qg7 0-1

[Event "77 España ch 2012"]
[Site "Maspalomas ESP"]
[Date "2012.10.01"]
[Round "3.24"]
[White "Ramos Aguilar, Jose Manuel"]
[Black "Buet, Samuel"]
[Result "1-0"]
[WhiteElo "2183"]
[BlackElo "1845"]
[PlyCount "56"]
[EventDate "2012.09.29"]
[EventType "swiss"]
[EventRounds "9"]
[EventCountry "ESP"]
[Source "lmi"]
[SourceDate "2012.09.29"]

1. d4 Nf6 2. c4 c5 3. d5 e5 4. Nc3 d6 5. e4 Be7 6. Bd3 Nbd7 7. Nge2 O-O 8. Ng3
Ne8 9. h4 Ndf6 10. Qe2 a6 11. a4 g6 12. h5 Bg4 13. f3 Bxh5 14. Nf1 g5 15. Bxg5
Bg6 16. Bh6 Ng7 17. g4 Nd7 18. Qh2 Bg5 19. Ng3 Bxh6 20. Qxh6 Nf6 21. Nf5 Nge8
22. a5 Rc8 23. Bc2 Rc7 24. Ba4 Nd7 25. Ne2 Qf6 26. g5 Qd8 27. Neg3 f6 28. Nh4
fxg5 1-0

[Event "77 España ch 2012"]
[Site "Maspalomas ESP"]
[Date "2012.10.01"]
[Round "3.25"]
[White "Monzon Aleman, Ayoze"]
[Black "Cuenca Jimenez, Francisco Javi"]
[Result "1/2-1/2"]
[WhiteElo "1727"]
[BlackElo "2177"]
[PlyCount "89"]
[EventDate "2012.09.29"]
[EventType "swiss"]
[EventRounds "9"]
[EventCountry "ESP"]
[Source "lmi"]
[SourceDate "2012.09.29"]

1. e4 d6 2. d4 e5 3. dxe5 dxe5 4. Qxd8+ Kxd8 5. Bc4 Be6 6. Bxe6 fxe6 7. Be3 Nf6
8. Nd2 Bd6 9. O-O-O Ke7 10. f3 Nbd7 11. Ne2 h6 12. Nc4 Rhf8 13. Rd3 b6 14. Nxd6
cxd6 15. Nc3 Rfd8 16. Rhd1 Ne8 17. Nb5 Ndf6 18. Rc3 d5 19. exd5 exd5 20. Bf2
Kd7 21. f4 a6 22. fxe5 Ne4 23. Rxd5+ Ke7 24. Rxd8 Rxd8 25. Nd4 Nxf2 26. Nc6+
Kd7 27. Nxd8 Kxd8 28. Rc4 h5 29. Rc6 Ng4 30. Rxb6 Nxh2 31. Rxa6 Ng4 32. Kd1
Ne3+ 33. Ke2 Nxg2 34. Kf2 Nf4 35. Kf3 g5 36. Rh6 Ng7 37. a4 Nge6 38. Rh8+ Kc7
39. Re8 Nd4+ 40. Ke4 Nxc2 41. Rf8 Kd7 42. Rxf4 gxf4 43. Kxf4 Ke6 44. Kg5 Kxe5
45. Kxh5 1/2-1/2

[Event "77 España ch 2012"]
[Site "Maspalomas ESP"]
[Date "2012.10.01"]
[Round "3.26"]
[White "Martin Hernandez, Ruben"]
[Black "Gonzalez Perez, Cristina"]
[Result "1-0"]
[WhiteElo "2171"]
[BlackElo "1802"]
[PlyCount "85"]
[EventDate "2012.09.29"]
[EventType "swiss"]
[EventRounds "9"]
[EventCountry "ESP"]
[Source "lmi"]
[SourceDate "2012.09.29"]

1. e4 d6 2. c4 Nf6 3. Nc3 c5 4. Nge2 g6 5. g3 Bg4 6. Bg2 Nc6 7. f3 Bd7 8. d3
Bg7 9. Be3 O-O 10. O-O a6 11. Rc1 b5 12. b3 b4 13. Nd5 a5 14. d4 cxd4 15. Nxd4
Nxd4 16. Nxf6+ Bxf6 17. Bxd4 Bxd4+ 18. Qxd4 a4 19. Rcd1 axb3 20. axb3 Bc6 21.
c5 Bd7 22. cxd6 exd6 23. Qxb4 Be6 24. Rxd6 Qe7 25. Rd4 Qf6 26. Rd3 Rfb8 27. Qc3
Qe7 28. Ra1 Rxa1+ 29. Qxa1 Bxb3 30. Bf1 Qc5+ 31. Qd4 Qc2 32. Qc3 Qa2 33. Rd2
Qa7+ 34. Qd4 Qc7 35. Rb2 Qc1 36. Kg2 Qc7 37. h4 Rd8 38. Qf2 Qc3 39. Kh2 Bd1 40.
Bg2 Rd3 41. f4 Kg7 42. f5 Rxg3 43. f6+ 1-0

[Event "77 España ch 2012"]
[Site "Maspalomas ESP"]
[Date "2012.10.01"]
[Round "3.27"]
[White "Menvielle Laccourreye, Augusto"]
[Black "Rodriguez Mellado, Antonio"]
[Result "1-0"]
[WhiteElo "2133"]
[BlackElo "1760"]
[PlyCount "74"]
[EventDate "2012.09.29"]
[EventType "swiss"]
[EventRounds "9"]
[EventCountry "ESP"]
[Source "lmi"]
[SourceDate "2012.09.29"]

1. e4 c5 2. Nf3 d6 3. c3 Nf6 4. Bd3 Nc6 5. Bc2 Bg4 6. h3 Bh5 7. d3 d5 8. Qe2 e5
9. Nbd2 d4 10. Ba4 Qc7 11. Bxc6+ Qxc6 12. g4 dxc3 13. bxc3 Bg6 14. Nxe5 Qc7 15.
f4 Ng8 16. d4 O-O-O 17. d5 f6 18. Nxg6 hxg6 19. Nf3 g5 20. c4 gxf4 21. Bb2 Nh6
22. g5 Ng4 23. gxf6 gxf6 24. Ng5 Qa5+ 25. Qd2 Qxd2+ 26. Kxd2 fxg5 27. hxg4 Rh4
28. Rxh4 gxh4 29. Ke2 Be7 30. Kf3 Bg5 31. a4 Rd6 32. a5 Ra6 33. e5 b6 34. axb6
Rxb6 35. Ba3 Rb3+ 36. Ke4 h3 37. Bxc5 h2 1-0

[Event "77 España ch 2012"]
[Site "Maspalomas ESP"]
[Date "2012.10.01"]
[Round "3.28"]
[White "Perez Aleman, Pedro Tomas"]
[Black "Diaz Perez, Jose Juan"]
[Result "1-0"]
[WhiteElo "2110"]
[BlackElo "1730"]
[PlyCount "51"]
[EventDate "2012.09.29"]
[EventType "swiss"]
[EventRounds "9"]
[EventCountry "ESP"]
[Source "lmi"]
[SourceDate "2012.09.29"]

1. e4 c5 2. Nf3 Nc6 3. d4 cxd4 4. Nxd4 d6 5. Nc3 a6 6. Be3 Nf6 7. f3 Bd7 8. Qd2
e6 9. g4 Be7 10. O-O-O Rc8 11. Kb1 O-O 12. g5 Ne8 13. Nxc6 Bxc6 14. Bd3 b5 15.
Ne2 Bb7 16. h4 d5 17. h5 dxe4 18. fxe4 e5 19. Ng3 Bc5 20. g6 Bxe3 21. gxh7+
Kxh7 22. Qxe3 Qc7 23. Nf5 Rg8 24. Rdg1 Qc5 25. Qg5 f6 26. Qg6+ 1-0

[Event "77 España ch 2012"]
[Site "Maspalomas ESP"]
[Date "2012.10.01"]
[Round "3.29"]
[White "Lopez Colon, Francisco"]
[Black "Hernandez Diaz, Heriberto"]
[Result "1-0"]
[WhiteElo "2093"]
[BlackElo "1713"]
[PlyCount "63"]
[EventDate "2012.09.29"]
[EventType "swiss"]
[EventRounds "9"]
[EventCountry "ESP"]
[Source "lmi"]
[SourceDate "2012.09.29"]

1. d4 Nf6 2. c4 g6 3. Nc3 Bg7 4. e4 d6 5. f3 Na6 6. Be3 O-O 7. Qd2 Re8 8. O-O-O
c6 9. g4 Nc7 10. h4 a6 11. h5 b5 12. hxg6 fxg6 13. Qh2 Kf7 14. e5 Nd7 15. Ne4
Rh8 16. Ng5+ Kg8 17. exd6 Ne8 18. Ne6 Qa5 19. Nxg7 Kxg7 20. Qh6+ Kg8 21. dxe7
Qxa2 22. Bd3 Qa1+ 23. Bb1 Kf7 24. d5 c5 25. d6 Rb8 26. Qf4+ Kg7 27. Rh2 Qa4 28.
Rc2 Nef6 29. Qh6+ Kf7 30. Nh3 Kg8 31. Ng5 Ne5 32. Qf8# 1-0

[Event "77 España ch 2012"]
[Site "Maspalomas ESP"]
[Date "2012.10.01"]
[Round "3.30"]
[White "Santana Montjoy, Javier"]
[Black "Rodriguez Melian, Jose Luis"]
[Result "1/2-1/2"]
[WhiteElo "1704"]
[BlackElo "2088"]
[PlyCount "106"]
[EventDate "2012.09.29"]
[EventType "swiss"]
[EventRounds "9"]
[EventCountry "ESP"]
[Source "lmi"]
[SourceDate "2012.09.29"]

1. d4 Nf6 2. c4 g6 3. Nc3 d5 4. cxd5 Nxd5 5. e4 Nxc3 6. bxc3 c5 7. Be3 Bg7 8.
Bc4 O-O 9. Ne2 Nc6 10. O-O Bg4 11. f3 Na5 12. Bb3 Bd7 13. Rc1 Qc7 14. Kh1 Rac8
15. Bf4 Qd8 16. Qd2 Nxb3 17. axb3 cxd4 18. cxd4 Qb6 19. Qe3 Bb5 20. Rfd1 e5 21.
Bg5 Bxe2 22. Qxe2 exd4 23. e5 Rfe8 24. f4 Qxb3 25. Rb1 Qd5 26. Rb4 Bxe5 27.
fxe5 Rxe5 28. Qg4 Rce8 29. Bh4 Re4 30. Qg3 h6 31. Qf2 d3 32. Qf3 d2 33. Rbb1
Qe5 34. Rf1 f5 35. Bg3 f4 36. Bxf4 Qd5 37. Bxd2 b6 38. Bxh6 Qe6 39. Rbd1 Kh7
40. Bg5 a5 41. Qg3 Kg8 42. Rd6 Re1 43. Rd1 Rxd1 44. Rxd1 a4 45. h3 b5 46. Kh2
b4 47. Rd6 Qe4 48. Bf4 Re6 49. Rd8+ Kf7 50. Qh4 Re8 51. Qh7+ Kf6 52. Rd6+ Re6
53. Qh8+ Kf7 1/2-1/2

[Event "77 España ch 2012"]
[Site "Maspalomas ESP"]
[Date "2012.10.01"]
[Round "3.31"]
[White "Rodriguez Garcia, Antonio Jose"]
[Black "Rodriguez Manzaneda, Irene"]
[Result "0-1"]
[WhiteElo "2087"]
[BlackElo "1709"]
[PlyCount "56"]
[EventDate "2012.09.29"]
[EventType "swiss"]
[EventRounds "9"]
[EventCountry "ESP"]
[Source "lmi"]
[SourceDate "2012.09.29"]

1. e4 c5 2. Nf3 Nc6 3. d4 cxd4 4. Nxd4 Nf6 5. Nc3 e5 6. Nxc6 bxc6 7. Bd3 Bb4 8.
O-O h6 9. f4 exf4 10. Bxf4 O-O 11. Qf3 d5 12. e5 Ne8 13. Qh5 Qd7 14. h3 f6 15.
exf6 Nxf6 16. Qh4 Be7 17. Bxh6 gxh6 18. Qxh6 Qc7 19. Kh1 Qd7 20. Kg1 Bc5+ 21.
Kh1 Qg7 22. Qh4 Be7 23. Rae1 Ne4 24. Rxf8+ Kxf8 25. Rxe4 Bxh4 26. Rxh4 Bd7 27.
Ne2 Qf6 28. Rg4 Qxb2 0-1

[Event "77 España ch 2012"]
[Site "Maspalomas ESP"]
[Date "2012.10.01"]
[Round "3.32"]
[White "Quiza Vazquez, Carolina"]
[Black "Suarez Gomez, Julio"]
[Result "0-1"]
[WhiteElo "1655"]
[BlackElo "2065"]
[PlyCount "56"]
[EventDate "2012.09.29"]
[EventType "swiss"]
[EventRounds "9"]
[EventCountry "ESP"]
[Source "lmi"]
[SourceDate "2012.09.29"]

1. d4 Nf6 2. Nf3 d5 3. c3 e6 4. Bg5 Nbd7 5. Nbd2 c5 6. e3 b6 7. Bd3 Be7 8. O-O
O-O 9. Ne5 Bb7 10. f3 a6 11. Qe2 Ne8 12. Bxe7 Qxe7 13. f4 Nd6 14. Rf3 f5 15.
Rh3 Nxe5 16. fxe5 Ne4 17. Rf1 b5 18. Bc2 cxd4 19. exd4 b4 20. Rff3 Ng5 21. g4
Nxh3+ 22. Rxh3 bxc3 23. bxc3 g6 24. Nb3 Qg5 25. Rg3 f4 26. Rh3 f3 27. Rxf3
Qxg4+ 28. Kf2 Rxf3+ 0-1